000 00828cam a2200265 a 4500
001 7903
003 BD-RjUL
005 20211208234507.0
008 140116r20102003bg b 000 0 eng d
020 _a9840743597
035 _a(BD-RjUL)7947
_a(DLC)2003331634
040 _aDLC
_cDLC
_dBD-RjUL
_beng
041 1 _aeng
_aben
082 0 0 _a398.99144
_223
_bZAA 2010
100 1 _aZamir, Muhammad,
_d1945-
_924664
245 1 0 _aAnthology of Bengali proverbs and bachans /
_cby Muhammad Zamir.
250 _a1st ed.
260 _aDhaka :
_bBangla Academy,
_c2003 [Reprint 2010]
300 _ax, 228 p. ;
_c24 cm.
504 _aIncludes bibliographical references (p. 227-228).
650 0 _aProverbs, Bengali.
_924665
710 2 _aBāṃlā Ekāḍemī (Bangladesh)
_96661
942 _2ddc
_cBK
_01
999 _c7903
_d7903